00563 2200181 4500001002100000005001700021008004100038035002400079090002000103100003600123245008800159250001100247260004300258300002400301650002300325850001200348999002100360YOGYA-0209000004181320090227025817.0 ind  0010-020900000041813 a307bYog LlYOG aYOGYAKARTA. Pemerintah Propinsi aLaporan hasil pelaksanaan pelita Vbbidang pembangunan daerahcPemerintah Prop. DIY aCet. 1 aYogyakartabPemerintah Prop. DIYc1993 aviii 216 hlmc21 cm aPembangunan daerah aYOPDYOG a22658-PD/A.07b1